| 000 | 00334nam a22001337a 4500 | ||
|---|---|---|---|
| 008 | 171102b xxu||||| |||| 00| 0 eng d | ||
| 020 | _a9780844235837 | ||
| 041 | _aeng | ||
| 080 | _a339.138 | ||
| 100 | _a60 | ||
| 101 | _aMAR | ||
| 245 |
_aSTRATEGIES FOR IMPLEMENTING INTEGRATED MARKETING COMMUNICATIONS _cPERCY,L |
||
| 942 |
_2udc _cBK |
||
| 999 |
_c37363 _d37363 |
||